000 00537nam a2200181Ia 4500
008 100917s9999 xx 000 0 und d
082 _b24560
100 _aदेवधर बापू वासुदेव
245 _aResume Marathi Grammer
260 _bदेवधर बी. व्ही.
_c1926
300 _a184
365 _b2.5
520 _aभाषाशास्त्र
630 _aResume Marathi Grammer
650 _aभाषाशास्त्र
730 _aResume Marathi Grammer
942 _cBOOK
999 _c629954
_d629951